| 000 | 01562nam0a2200349 4500 | ||
|---|---|---|---|
| 001 | RU\NLR\bibl\629830 | ||
| 005 | 20250610154326.0 | ||
| 021 |
_aRU _b87-70027 |
||
| 029 | 1 | 0 |
_aRU _b7967-87 _cГОСТ |
| 035 | _a(NLR Aleph) 000620660 | ||
| 090 |
_a99971 _c99971 |
||
| 100 | _a20050218d1987 |||y0rusy50 ca | ||
| 101 | 0 | _arus | |
| 102 | _aRU | ||
| 105 | _a||||l ||||| | ||
| 200 | 1 |
_aКапуста краснокочанная свежая _eтехнические условия |
|
| 210 |
_aМосква _cИзд-во стандартов _d1987 |
||
| 215 | _a7 с. | ||
| 229 | _aСрок действия 01.07.88 | ||
| 300 | _aПослед. переизд. 1991 с изм. N1 (91-53348) | ||
| 300 | _aЗаменено на ГОСТ 7967-2015 и UNECE STANDARD FFV-09:2012 | ||
| 442 | 0 |
_1001RU\NLR\BIBL_A\011005443 _12001#$aКапуста краснокочанная свежая _910992227 _cМосква _d2016 _eИзд. офиц. _fподгот. Науч.-исслед. центром "Кубаньагростандарт" _lFresh red-headed cabbage. Specifications _nСтандартинформ _oтехнические условия : ГОСТ 7967-2015 : UNECE STANDARD FFV-09:2012 _pIV, 11, [1] c. _tКапуста краснокочанная свежая |
|
| 610 | 0 | _aовощи | |
| 686 |
_aС42 _v1941 _2oks |
||
| 801 | 0 |
_aRU _bNLR _c20050218 _gPSBO |
|
| 801 | 1 |
_aRU _bNLR _c20050218 _2ntd_isis |
|
| 801 | 2 |
_aRU _bNLR _c20050218 _gPSBO _2rusmarc |
|
| 852 |
_aNLR _jПт |
||
| 942 | _cBOOK | ||
| 980 | _aNB | ||